Statystyki dla Państwa posiadające broń jądrową

Kliknij tutaj aby rozwiązać quiz!

Ogólne statystyki

  • Ten quiz został rozwiązany 1 165 razy
  • Średni wynik to 8 z 10

Statystyki odpowiedzi

Liczba Bomb atomowychKraj% Poprawnych
7,7 tysRosja
100%
6,8 tysStany Zjednoczone
100%
280Chiny
94%
300Francja
93%
10-20Korea Północna
86%
215Wielka Brytania
86%
130-140Indie
84%
80Izrael
72%
140-150Pakistan
72%
0 (kiedyś miało 6)Republika Południowej Afryki
53%

Rozkład punktacji

Percentyl według liczby udzielonych odpowiedzi

Procent ludzi z każdym wynikiem

Twoja historia wyników

Nie rozwiązałeś tego quizu